Drużyny piłkarskie, dla których grał David Beckham - Statystyki

Ogólne statystyki
  • Ten quiz został rozwiązany 503 razy
  • Średni wynik to 4 z 7
Statystyki odpowiedzi
Rok Występy Gole Klub % Poprawnych
1992-2003 265 62 Manchester United
97%
1996-2009 (reprezentacja) 115 17 Anglia
76%
2013 10 0 Paris Saint-Germain
72%
2007-2012 98 18 Los Angeles Galaxy
64%
2009-2010 (wypożyczenie) 29 2 AC Milan
45%
2003-2007 116 13 Real Madrid
44%
1994-1995 (wypożyczenie) 5 2 Preston North End
10%
Nie znaleziono quizów pasujących do podanych kryteriów
Rozkład punktacji
Procent ludzi z każdym wynikiem
Percentyl według liczby udzielonych odpowiedzi
Twoja historia wyników
Nie rozwiązałeś tego quizu